书目信息 |
| 题名: |
植物激素
|
|
| 作者: | 增田芳雄 著 ;辽宁铁岭农学院植物激素翻译小组 译 | |
| 分册: | ||
| 出版信息: | 北京 科学出版社 1976 |
|
| 页数: | 442页 | |
| 开本: | 19cm | |
| 丛书名: | ||
| 单 册: | ||
| 中图分类: | Q946.88 | |
| 科图分类: | ||
| 主题词: | 植物激素 | |
| 电子资源: | ||
| ISBN: | 13031.272 | |
| 000 | 00786nam0 2200253 450 | |
| 001 | 0176000635 | |
| 005 | 20100712215127.0 | |
| 010 | @a13031.272@dCNY1.45 | |
| 091 | @a13031.272 | |
| 100 | @a19951019d1976 emky0chiy0110 ea | |
| 101 | 1 | @achi@cjpn |
| 102 | @aCN@b110000 | |
| 105 | @ay z 000yy | |
| 106 | @ar | |
| 200 | 1 | @a植物激素@9Zhi Wu Ji Su @f(日)增田芳雄等著@g辽宁铁岭农学院植物激素翻译小组译 |
| 210 | @a北京@c科学出版社@d1976 | |
| 215 | @a442页@d19cm | |
| 305 | @a本书据原书第2版译出 | |
| 606 | 0 | @a植物激素 |
| 690 | @aQ946.88@v3 | |
| 701 | 0 | @a增田芳雄@9zeng tian fang xiong@4著 |
| 712 | 02 | @a辽宁铁岭农学院植物激素翻译小组@9liao ning tie ling nong xue yuan zhi wu ji su fan yi xiao zu@4译 |
| 801 | 0 | @aCN@bAzMarc@c20130904 |
| 905 | @aBZT@dQ946.88@e1@f5@sQ946.88/1 | |
| 植物激素/(日)增田芳雄等著/辽宁铁岭农学院植物激素翻译小组译.-北京:科学出版社,1976 |
| 442页;19cm |
| ISBN 13031.272:CNY1.45 |
| ● |
| 相关链接 |
|
|
|
正题名:植物激素
索取号:Q946.88/1
 
预约/预借
| 序号 | 登录号 | 条形码 | 馆藏地/架位号 | 状态 | 备注 |
| 1 | 2000112942 | 2000112942 | 旧书回溯/ [索取号:Q946.88/1] | 在馆 | |
| 2 | 2000114291 | 2000114291 | 旧书回溯/ [索取号:Q946.88/1] | 在馆 | |
| 3 | 2000139472 | 2000139472 | 旧书回溯/ [索取号:Q946.88/1] | 在馆 | |
| 4 | 2000139473 | 2000139473 | 旧书回溯/ [索取号:Q946.88/1] | 在馆 | |
| 5 | 2000139526 | 2000139526 | 旧书回溯/ [索取号:Q946.88/1] | 在馆 |